|
|
|
|
| LEADER |
00943nam a22002297a 4500 |
| 003 |
GR-PaULI |
| 005 |
20210117210535.0 |
| 007 |
ta |
| 008 |
180110s2013 xxua|||f |||| 001 0 eng d |
| 020 |
|
|
|a 9780702043406
|
| 040 |
|
|
|a GR-PaULI
|b gre
|c GR-PaULI
|e AACR2
|
| 060 |
|
|
|a WE 550
|
| 245 |
0 |
0 |
|a The muscle biopsy :
|b a practical approach /
|c Victor Dubowitz ... [και ά.].
|
| 260 |
|
|
|a [χ. τ.] :
|b Saunders,
|c 2013.
|
| 300 |
|
|
|a xii, 572 σ. :
|b φωτ., σχήμ. ;
|c 26 εκ.
|
| 504 |
|
|
|6 Περιλαμβάνει βιβλιογραφία και ευρετήριο.
|
| 650 |
|
4 |
|9 31812
|a Μυοσκελετικό σύστημα
|x Ασθένειες
|
| 700 |
1 |
|
|9 166502
|a Dubowitz, Victor
|e συγγραφέας
|
| 942 |
|
|
|2 nlm
|c BK15
|
| 952 |
|
|
|0 0
|1 0
|2 nlm
|4 0
|6 WE_550_DUB
|7 0
|9 218819
|a MEDI
|b MEDI
|d 2018-01-10
|i 2686
|l 0
|o WE 550 DUB
|p 025000174576
|r 2018-01-10 00:00:00
|t 1
|v 2018.00
|w 2018-01-10
|y BK15
|
| 998 |
|
|
|c ΜΑΝΙΑΚΗ
|d 2018
|
| 999 |
|
|
|c 132450
|d 132450
|